000 01148nam0a22002411 4500
001 rc\572653
005 20031121162624.2
035 _a(NLR Aleph) 005821086
090 _a5480332
_c5480332
100 _a20031121d1987 u |0rusy50 ca
101 0 _arus
102 _aRU
105 _aa |||||||||
200 1 _aРАСЧЕТ состава централизованного автоотряда для доставки зерна с токов хозяйства на хлебоприемные предприятия
_eМетод. рекомендации
_fВАСХНИЛ. Сиб. отд-ние, Сиб. НИИ механизации и электрификации сел. хоз-ва, Новосиб. обл. правл. НТО сел. хоз-ва
_g[Подгот. к. т. н. А.М. Криков и Н.В. Гаук]
210 _aНовосибирск
_cСиб ИМЭ
_d1987
215 _a86 с.
_cил.
_d20
320 _aБиблиогр.: с. 42
702 1 _aКриков
_bА. М.
_gАркадий Максимович
_4570
801 0 _aRU
_bNLR
_gpsbo
801 1 _aRU
_bELAR
_2rusmarc
852 _aNLR
_j88-4/10979
942 _cBOOK
980 _aNB